000 00973nam a22002537a 4500
003 Uzh_bibl
008 260501b |||||||| |||| 00| 0 ukr d
020 _a5-86248-080-3
_c3,20
040 _bукр.
041 _2ukr
_aukr
080 _a030
090 _a030
_bЕ 64
100 _a-
245 _aЕнциклопедія українознавства
_cГол. ред. В. Кубійович
_hТекст
260 _aКиїв
_b"Молоде життя"
_c1996
300 _a1187 с.
_bпортр.
_fВ опр.
490 _vТ. 3
520 _aФундаментальна праця з україністики створена під егідою Наукового Товариства імені Шевченка в Європі.
546 _aукр.
650 _aДовідкове видання
653 _aУкраїна
_aКооперація
655 _aДовідкова література
_vЕнциклопедія
942 _2udc
_cBK
999 _c17597
_d17597